Drapeaux en formes de Pays #6 - Statistiques

Statistiques générales
  • Ce quiz a été pris 28 696 fois
  • Le résultat moyen est 12 sur 16
Statistiques - réponses
Par images Réponse % Correct
Suisse
100%
Islande
94%
Pologne
94%
Tunisie
94%
Japon
89%
Côte d'Ivoire
86%
Viêt Nam
86%
Cuba
84%
Bosnie-Herzégovine
79%
Corée du Sud
78%
Azerbaïdjan
68%
Mozambique
58%
Sainte-Lucie
51%
Gambie
49%
Dominique
42%
Vanuatu
31%
Aucun quiz correspondant
Distribution des résultats
% des personnes avec chaque résultat
Percentile par nombre de réponses
Votre historique - résultats
Vous n’avez pas pris ce quiz